Artificial Intelligence and Data Science: GNEST305 KTU 2024 Scheme (Record no. 38174)

MARC details
000 -LEADER
fixed length control field 00868nam a22001937a 4500
082 ## - DEWEY DECIMAL CLASSIFICATION NUMBER
Classification number 006.3 PRA
100 ## - MAIN ENTRY--AUTHOR NAME
Personal name Prathibha S Nair
100 ## - MAIN ENTRY--AUTHOR NAME
Personal name Anjali S
100 ## - MAIN ENTRY--AUTHOR NAME
Personal name Kailas Sree Chandran
245 ## - TITLE STATEMENT
Title Artificial Intelligence and Data Science: GNEST305 KTU 2024 Scheme
250 ## - EDITION STATEMENT
Edition statement 1
260 ## - PUBLICATION, DISTRIBUTION, ETC. (IMPRINT)
Name of publisher Sourabhya Technical Publications
Place of publication Trivandrum
Year of publication 2025
300 ## - PHYSICAL DESCRIPTION
Number of Pages Print length ‏ : ‎ 352 pages
Other physical details Item Weight ‏ : ‎ 250 g Dimensions ‏ : ‎ 14 x 21 x 2 cm
520 ## - SUMMARY, ETC.
Summary, etc ARTIFICIAL INTELLIGENCE AND DATA SCIENCE written by Prathibha S Nair, Anjali S & Kailas Sree Chandran. Based on KTU 2024 Scheme Semester 3 subject GNEST305 Introduction to Artificial Intelligence and Data Science, common for all group B, C & D B.Tech branches.
546 ## - LANGUAGE NOTE
Language note Language ‏ : ‎ English
650 ## - SUBJECT ADDED ENTRY--TOPICAL TERM
Topical Term CSE
942 ## - ADDED ENTRY ELEMENTS (KOHA)
Koha item type Text Book
952 ## - LOCATION AND ITEM INFORMATION (KOHA)
Damaged status
Not for loan
952 ## - LOCATION AND ITEM INFORMATION (KOHA)
Damaged status
Not for loan
952 ## - LOCATION AND ITEM INFORMATION (KOHA)
Damaged status
Not for loan
Holdings
Withdrawn status Collection code Permanent Location Current Location Shelving location Date acquired Source of acquisition Cost, normal purchase price Inventory number Full call number Accession Number Price effective from Koha item type
  Computer Science and Engineering VAST Central Library VAST Central Library S-23/CS 10/01/2026 Cosmo Books 300.00 K797 006.3 PRA 38351 03/02/2026 Text Book
  Computer Science and Engineering VAST Central Library VAST Central Library S-23/CS 10/01/2026 Cosmo Books 300.00 K797 006.3 PRA 38352 03/02/2026 Text Book
  Computer Science and Engineering VAST Central Library VAST Central Library S-23/CS 10/01/2026 Cosmo Books 300.00 K797 006.3 PRA 38353 03/02/2026 Text Book